000
00308nam a22001457a 4500
008
211018b ||||| |||| 00| 0 eng d
020
_a
9781464135668
041
_a
eng
080
_a
530
082
_a
530
100
_a
43
101
_a
FIZ
245
_a
College Physics
_c
Freedman,R.A
942
_2
udc
_c
BK
999
_c
58259
_d
58259